LGBT rights - Statistics

General Stats
  • This quiz has been taken 240 times
    208 since last reset
  • The average score is 6 of 20
Answer Stats
Hint Answer % Correct
In 2012, this state became the first in the U.S. to ban conversion therapy California
71%
Which country became the first to legalize same-sex marriage? Netherlands
67%
What year were the Stonewall Riots? 1969
66%
This was the year of the nation's first gay pride parade 1970
49%
What president became the first sitting president to support Marriage Equality? Obama
49%
What state became the first to legalize same-sex marriage? Massachusetts
42%
The APA declassified homosexuality as a mental disorder in what year? 1975
36%
What year did protests for LGBT rights begin? 1965
35%
This famous actress came out in 1997 Ellen
35%
In what year was the Matthew Shepard and James Byrd Jr. Act signed? 2009
34%
This policy, repealed in 2010, forced gay soldiers to stay in the closet or be discharged. Don't Ask Don't Tell
34%
Which president signed the federal Defense of Marriage Act? Clinton
30%
How many countries have homosexuality criminalized? 76
21%
When the Stonewall Riots began, this was the only state where homosexuality was legal Illinois
20%
This Amendment banned Same-Sex Marriage in California in 2008 Prop 8
15%
Who is now the first openly gay player in the NFL? Michael Sam
8%
In Kitchen vs. Herbert, which state's ban on same-sex marriage was ruled unconstitutional? Utah
8%
On what day were the decisions of Windsor v. U.S. and Lawrence v. Texas handed down? June 26
7%
Who was the first out active player in the NBA Jason Collins
6%
Who was the first out member of congress? Gerry Studds
2%
No matching quizzes found
Score Distribution
Percent of People with Each Score
Percentile by Number Answered
Your Score History
You have not taken this quiz since the last reset